[Event "Hastings Masters 2025-26"]
[Site "Hastings ENG"]
[Date "2025.12.29"]
[Round "2.40"]
[White "Gupta, Aditya"]
[Black "Lee, Younggyu"]
[Result "1/2-1/2"]
[WhiteElo "1808"]
[BlackElo "1892"]
[WhiteFideId "343418643"]
[BlackFideId "13227378"]
[EventDate "2025.12.28"]

1. e4 e5 2. Nf3 Nc6 3. Bb5 a6 4. Ba4 Nf6 5. O-O Be7 6. Re1 b5 7. Bb3 O-O 8. d3
d6 9. c3 Na5 10. Bc2 c5 11. d4 cxd4 12. cxd4 Nc6 13. d5 Nb4 14. a3 Nxc2 15. Qxc2
Bg4 16. Qe2 Rc8 17. Nbd2 Rc2 18. Qd3 Qc7 19. h3 Bd7 20. Nf1 Qc4 21. Qxc4 Rxc4
22. Bg5 Rfc8 23. Ng3 h6 24. Bd2 Bd8 25. Rac1 Bb6 26. Rxc4 Rxc4 27. Bc3 g6 28.
Nd2 Rc8 29. Rd1 h5 30. Ne2 h4 31. Bb4 Bc5 32. Rc1 Bxb4 33. Rxc8+ Bxc8 34. axb4
g5 35. f3 Nh5 36. Kf2 Kg7 37. Nb3 f5 38. Nd2 g4 39. exf5 gxh3 40. g4 hxg3+ 41.
Nxg3 Nf4 42. Nde4 Nxd5 43. Nxd6 Bd7 44. Nge4 h2 45. Kg2 Ne3+ 46. Kxh2 Nxf5 47.
Nc5 Nxd6 48. Nxd7 Nc4 49. Nc5 Nxb2 50. Nxa6 Nd3 51. Nc7 Nxb4 52. Nxb5 Kf6 53.
Na3 Kf5 54. Nc4 Nd3 55. Nxe5 Nxe5 56. f4 Kxf4 1/2-1/2

[Event "Hastings Masters 2025-26"]
[Site "Hastings ENG"]
[Date "2025.12.29"]
[Round "2.42"]
[White "Wall, Tim P"]
[Black "Varney, Zoe"]
[Result "1/2-1/2"]
[WhiteTitle "FM"]
[BlackTitle "WFM"]
[WhiteElo "2219"]
[BlackElo "2053"]
[WhiteFideId "401641"]
[BlackFideId "436135"]
[EventDate "2025.12.28"]

1. e4 e5 2. f4 d5 3. exd5 exf4 4. Nf3 Nf6 5. Bb5+ c6 6. dxc6 Nxc6 7. Nc3 Bd6 8.
Qe2+ Qe7 9. Qxe7+ Kxe7 10. d3 h6 11. Bd2 a6 12. Ba4 Be6 13. O-O-O b5 14. Bb3
Bxb3 15. axb3 Rhe8 16. Ne2 Nd5 17. c4 Ne3 18. Bxe3 fxe3 19. d4 Na5 20. c5 Nxb3+
21. Kc2 Nxc5 22. dxc5 Bxc5 23. Rd5 Rac8 24. Rhd1 Bb6+ 25. Kb1 Red8 26. Rxd8 Rxd8
27. Rxd8 Kxd8 28. Kc2 Kc7 29. Kd3 Kd6 30. Nfd4 Kc5 31. Nc2 Bc7 32. h3 Be5 33.
b4+ Kb6 34. Kxe3 a5 35. bxa5+ Kxa5 36. Ke4 Bf6 37. Kd5 Ka4 38. Ned4 g6 39. Nc6
h5 40. Ne5 b4 41. Nxb4 Kxb4 42. Nxf7 Kc3 43. Ke6 Bd4 44. Ne5 g5 45. Nf3 Be3 46.
g4 hxg4 47. hxg4 Kc4 48. Kf5 Kd5 49. Nxg5 Kd6 50. Kf6 Bd4+ 51. Kf7 Ke5 52. Ne6
Be3 53. Ke7 Bd2 54. Kf7 Be3 55. Ke7 Bd2 1/2-1/2

[Event "Hastings Masters 2025-26"]
[Site "Hastings ENG"]
[Date "2025.12.29"]
[Round "2.43"]
[White "Patel, Zain"]
[Black "Bryant, Harry"]
[Result "1/2-1/2"]
[BlackTitle "CM"]
[WhiteElo "2058"]
[BlackElo "2207"]
[WhiteFideId "469246"]
[BlackFideId "489158"]
[EventDate "2025.12.28"]

1. Nf3 d5 2. b3 Bg4 3. Bb2 Bxf3 4. exf3 Nd7 5. d4 e6 6. Bd3 Ngf6 7. O-O c5 8. c4
cxd4 9. Bxd4 Bd6 10. Nd2 O-O 11. Rc1 Qe7 12. g3 Ba3 13. Rc2 Rfd8 14. Qe2 Nc5 15.
Bxc5 Bxc5 16. Rcc1 Bb4 17. Nb1 Rac8 18. Rfd1 g6 19. cxd5 Nxd5 20. Be4 Qg5 21.
Rxc8 Rxc8 22. Bxd5 exd5 23. a3 Ba5 24. Kg2 Qf5 25. Qd3 Qxd3 26. Rxd3 Rc1 27.
Rxd5 Be1 28. Nd2 Rd1 29. Ne4 Ra1 30. Rd8+ Kg7 31. Rd7 Rxa3 32. Rxb7 h6 33. b4 a6
34. Kf1 Ra1 35. Ke2 Rb1 36. Nc5 Bxb4 37. Nxa6 Rb2+ 38. Kd3 Ba3 39. Rxb2 Bxb2 40.
f4 Ba3 41. Nc7 Bc5 42. f3 h5 43. g4 hxg4 44. fxg4 Bg1 45. h3 f6 46. Ke4 Kf7 47.
h4 Bf2 48. h5 gxh5 49. gxh5 Kg7 50. Ne8+ Kf7 51. Nd6+ Kg7 52. Kf5 Kh6 53. Ne4
Bd4 54. Nxf6 Bb2 55. Ke6 Bc1 56. f5 Kg5 57. Nd5 Kxh5 58. f6 Kg6 59. Ne7+ Kh7 60.
Nf5 Kg6 61. Ne7+ Kh7 62. f7 Kg7 63. Nf5+ Kf8 64. Nh4 Ba3 1/2-1/2

[Event "Hastings Masters 2025-26"]
[Site "Hastings ENG"]
[Date "2025.12.29"]
[Round "2.44"]
[White "Saunders, Aron"]
[Black "ONUOHA, Obioma"]
[Result "0-1"]
[WhiteElo "2201"]
[BlackElo "2056"]
[WhiteFideId "469343"]
[BlackFideId "8505837"]
[EventDate "2025.12.28"]

1. e4 e5 2. Nf3 Nf6 3. d4 Nxe4 4. Bd3 d5 5. Nxe5 Nd7 6. Nc3 Nxe5 7. dxe5 Bb4 8.
O-O Nxc3 9. bxc3 Bxc3 10. Rb1 Kf8 11. Qh5 b6 12. f4 h6 13. Kh1 Bb7 14. Rb3 d4
15. Ba3+ Kg8 16. e6 fxe6 17. f5 Qe8 18. Qh3 c5 19. f6 Qc6 20. fxg7 Rh7 21. Bxh7+
Kxh7 22. Rf6 Bd2 23. Rg3 Qb5 24. Bb4 Qe2 25. Kg1 Ba6 26. Rgf3 0-1

[Event "Hastings Masters 2025-26"]
[Site "Hastings ENG"]
[Date "2025.12.29"]
[Round "2.45"]
[White "Wilson, Matthew R"]
[Black "Swiatkowski, Dominik"]
[Result "0-1"]
[WhiteElo "1772"]
[BlackElo "1874"]
[WhiteFideId "423459"]
[BlackFideId "343415202"]
[EventDate "2025.12.28"]

1. e4 e5 2. Nf3 Nc6 3. Bb5 a6 4. Bxc6 dxc6 5. O-O Bg4 6. h3 h5 7. d3 Qf6 8. Nbd2
g5 9. Re1 Bxf3 10. Qxf3 Qxf3 11. Nxf3 f6 12. Be3 Rd8 13. Rad1 c5 14. c3 Rh7 15.
Rd2 Rhd7 16. Red1 Bd6 17. a3 Ne7 18. d4 cxd4 19. cxd4 exd4 20. Nxd4 Be5 21. b4
Bxd4 22. Rxd4 Ng6 23. Kf1 Rxd4 24. Rxd4 Rd6 25. Rxd6 cxd6 26. Ke2 Kd7 27. a4 Ke6
28. Kd3 b5 29. a5 Ne5+ 30. Kd4 Nc6+ 31. Kc3 Ke5 32. f3 h4 33. Bd2 Nd8 34. Kd3
Nf7 35. Ke3 Nd8 36. Bc3+ Ke6 37. f4 Nf7 38. Bd4 f5 39. Bc3 fxe4 40. Kxe4 d5+ 41.
Ke3 Kf5 42. fxg5 Nxg5 43. Be1 Ne6 44. Bxh4 d4+ 45. Kf3 Ke5 46. g4 Kd5 47. Be7
Kc4 48. h4 Kc3 49. Bf6 Kxb4 50. Ke2 Kc4 51. h5 b4 52. h6 b3 53. h7 b2 54. h8=Q
b1=Q 55. Qc8+ Nc5 56. Qg8+ Kc3 57. Bxd4+ Kxd4 58. Qf8 Qc2+ 59. Kf1 Qd1+ 60. Kg2
Qxg4+ 61. Kh2 Qe2+ 62. Kh3 Ne4 63. Qg7+ Ke3 64. Qa7+ Kd2 65. Qb8 Qh5+ 66. Kg2
Qg4+ 67. Kh2 Qh4+ 68. Kg2 Qg5+ 69. Kh2 Qh6+ 70. Kg2 Qg7+ 71. Kh2 Qd4 72. Qf4+
Qe3 73. Qe5 Qe2+ 74. Kg1 Qg4+ 75. Kh2 Qh4+ 76. Kg2 Qg5+ 0-1

[Event "Hastings Masters 2025-26"]
[Site "Hastings ENG"]
[Date "2025.12.29"]
[Round "2.46"]
[White "Barbu, Simon-Alexandru"]
[Black "Finn, Peter"]
[Result "0-1"]
[BlackTitle "CM"]
[WhiteElo "2051"]
[BlackElo "2200"]
[WhiteFideId "1257170"]
[BlackFideId "432156"]
[EventDate "2025.12.28"]

1. e4 c5 2. Nc3 Nc6 3. Bb5 Nd4 4. Nf3 e6 5. O-O a6 6. Bd3 b5 7. b3 Bb7 8. Bb2
Nf6 9. Nxd4 cxd4 10. Ne2 Nxe4 11. Nxd4 Bd6 12. Bxe4 Qh4 13. Nf3 Qxe4 14. Re1 Qc6
15. c4 O-O 16. d3 f6 17. Rc1 b4 18. Re4 Qc7 19. Rh4 Qa5 20. Nd2 Qg5 21. Rg4 Qh6
22. h3 Bf4 23. Rc2 e5 24. g3 Qxh3 25. Ne4 Bg5 26. Bc1 h5 27. f3 hxg4 28. Rh2
Bxe4 29. Rxh3 Bxf3 30. Qf1 Bxc1 31. Rh4 Be3+ 32. Kh2 g5 33. Rh5 Kg7 34. Qe1 Rh8 0-1

[Event "Hastings Masters 2025-26"]
[Site "Hastings ENG"]
[Date "2025.12.29"]
[Round "2.47"]
[White "Ruane, Brendan J"]
[Black "Kilambi, Venkata Ananth Akshay"]
[Result "1/2-1/2"]
[WhiteElo "1857"]
[BlackElo "2038"]
[WhiteFideId "430218"]
[BlackFideId "489395"]
[EventDate "2025.12.28"]

1. a3 a6 2. e4 c6 3. d3 d5 4. Qe2 g6 5. g3 Bg7 6. Bg2 Qb6 7. c3 dxe4 8. dxe4 e5
9. Nd2 Be6 10. a4 a5 11. Ngf3 h6 12. O-O Nd7 13. Rd1 Qc5 14. b3 Bf8 15. Nc4 Bxc4
16. bxc4 Qa7 17. Rxd7 Kxd7 18. Nxe5+ Ke8 19. Qf3 Rh7 20. Be3 Bc5 21. Rd1 Bxe3
22. fxe3 Qc5 23. Qf4 Rd8 24. Rxd8+ Kxd8 25. Nxf7+ Ke7 26. Ne5 Qd6 27. c5 Qf6 28.
Nc4 Rf7 29. Qd6+ Ke8 30. Qb8+ Ke7 31. Qd6+ Ke8 32. Qb8+ Ke7 33. Qd6+ Ke8 1/2-1/2

[Event "Hastings Masters 2025-26"]
[Site "Hastings ENG"]
[Date "2025.12.29"]
[Round "2.48"]
[White "Prince, Alan R"]
[Black "Woods, Yannick"]
[Result "0-1"]
[WhiteElo "1803"]
[BlackElo "2023"]
[WhiteFideId "2402165"]
[BlackFideId "2518384"]
[EventDate "2025.12.28"]

1. Nf3 c5 2. e4 Nc6 3. d3 g6 4. g3 Bg7 5. Bg2 e5 6. O-O Nge7 7. Nbd2 O-O 8. Nc4
d6 9. a4 h6 10. Ne3 Be6 11. Nh4 d5 12. exd5 Nxd5 13. Nxd5 Bxd5 14. Bxd5 Qxd5 15.
Qf3 Qd6 16. Be3 f5 17. Ng2 g5 18. Ne1 g4 19. Qg2 f4 20. gxf4 exf4 21. Bc1 Rf5
22. f3 g3 23. c3 Rg5 24. h4 Rh5 25. Qh3 Rf8 26. Ng2 Rhf5 27. Nxf4 Rxf4 28. Bxf4
Qxf4 29. Rae1 Ne5 30. Re4 Nxf3+ 31. Kg2 Nxh4+ 32. Kg1 Qxf1+ 33. Qxf1 Rxf1+ 34.
Kxf1 g2+ 35. Kf2 Be5 36. d4 cxd4 37. Kg1 Bf6 0-1

[Event "Hastings Masters 2025-26"]
[Site "Hastings ENG"]
[Date "2025.12.29"]
[Round "2.49"]
[White "Butt, Laurence"]
[Black "Sciupokas, Arunas"]
[Result "1-0"]
[WhiteElo "1790"]
[BlackElo "1990"]
[WhiteFideId "440884"]
[BlackFideId "12803693"]
[EventDate "2025.12.28"]

1. d4 Nc6 2. f4 d5 3. e3 Nf6 4. Nf3 Bf5 5. Be2 g6 6. O-O Bg7 7. Ne5 Nxe5 8. fxe5
Ne4 9. c4 Be6 10. cxd5 Bxd5 11. Nc3 Nxc3 12. bxc3 O-O 13. Bb2 c6 14. c4 Be4 15.
Rf4 Bf5 16. g4 Be6 17. g5 f6 18. exf6 exf6 19. d5 cxd5 20. cxd5 Qxd5 21. Qxd5
Bxd5 22. e4 Be6 23. gxf6 Bh6 24. Rff1 Rac8 25. Bd1 Rfd8 26. Bb3 Bxb3 27. axb3
Kf7 28. Rfd1 Be3+ 29. Kf1 Ke6 30. Rxd8 Rxd8 31. Ke2 Bg5 32. Bc3 Bxf6 33. Bxf6
Kxf6 34. Rxa7 Rd7 35. Ke3 g5 36. Ra5 h6 37. Rb5 Kg6 38. Rb6+ Kg7 39. e5 Rc7 40.
Ke4 h5 41. Kf5 g4 42. Kg5 Re7 43. e6 Kh7 44. Kxh5 Rg7 45. Kh4 Kg8 46. Kg3 Kf8
47. Rb4 Rg6 48. Rb6 Ke8 49. Kf4 Rh6 50. Kxg4 Rxh2 51. Rxb7 Re2 52. Kf5 Kd8 53.
b4 Kc8 54. Rd7 Rb2 55. Rd4 Rf2+ 56. Ke5 Re2+ 57. Kd6 Kd8 58. b5 Rb2 59. Rd5 Rb1
60. Re5 Rd1+ 61. Rd5 Rb1 62. e7+ Ke8 63. Re5 Rb2 64. Kc7 Rd2 65. b6 Rc2+ 66. Kb8
Rc1 67. Re6 Rc2 68. Kb7 Rc1 69. Rc6 Re1 70. Kc8 Kxe7 71. b7 1-0

[Event "Hastings Masters 2025-26"]
[Site "Hastings ENG"]
[Date "2025.12.29"]
[Round "2.50"]
[White "Turner, Lewis A"]
[Black "Saxena, Advik"]
[Result "1-0"]
[WhiteElo "1945"]
[BlackElo "1806"]
[WhiteFideId "412600"]
[BlackFideId "343423892"]
[EventDate "2025.12.28"]

1. e4 c5 2. Nf3 e6 3. d4 cxd4 4. Nxd4 Nc6 5. Nc3 Qc7 6. Be3 a6 7. Qf3 Bb4 8.
Nxc6 dxc6 9. Bd4 e5 10. Qg3 f6 11. O-O-O Be6 12. a3 Bxc3 13. Bxc3 Kf7 14. Qe3
Ne7 15. g3 Rad8 16. Be2 Ng6 17. Bh5 Qc8 18. Qb6 Rxd1+ 19. Rxd1 Re8 20. f4 exf4
21. gxf4 Bg4 22. Bxg4 Qxg4 23. Qxb7+ Re7 24. Qb3+ Ke8 25. f5 Nf8 26. Qb8+ Kf7
27. Qb3+ Ke8 28. Bb4 Rd7 29. Rxd7 Nxd7 30. Qg8+ Nf8 31. Qxf8+ Kd7 32. Qd6+ Kc8
33. Qxc6+ Kd8 34. Ba5+ Ke7 35. Qe6+ Kf8 36. Bb4# 1-0

[Event "Hastings Masters 2025-26"]
[Site "Hastings ENG"]
[Date "2025.12.29"]
[Round "2.51"]
[White "Binks, Michael"]
[Black "Eldridge, Albert"]
[Result "0-1"]
[WhiteElo "1898"]
[BlackElo "1781"]
[WhiteFideId "1800957"]
[BlackFideId "343438857"]
[EventDate "2025.12.28"]

1. d4 d5 2. Bf4 Nf6 3. e3 c5 4. c3 Nc6 5. Nd2 e6 6. Bd3 Bd6 7. Bxd6 Qxd6 8. Bb5
O-O 9. Ngf3 Nd7 10. O-O e5 11. h3 e4 12. Nh2 a6 13. Be2 cxd4 14. cxd4 f5 15. f4
Qh6 16. Kh1 Kh8 17. Rg1 g5 18. Rf1 Nf6 19. a3 g4 20. hxg4 fxg4 21. g3 Ne7 22.
Rg1 Nf5 23. Nf1 Rg8 24. Qe1 Qg6 25. Bd1 h5 26. Nd2 b6 27. Kg2 Ra7 28. Rc1 Rh7
29. Nhf1 Rh6 30. Rc6 b5 31. Bb3 Qe8 32. Bxd5 Nxd5 33. Rxh6+ Nxh6 34. Nb3 Qc6 35.
Nc5 Nf6 36. Rh1 Bf5 37. Qa5 Ra8 38. Nd2 0-1

[Event "Hastings Masters 2025-26"]
[Site "Hastings ENG"]
[Date "2025.12.29"]
[Round "2.52"]
[White "Shankar, Yashwardhan"]
[Black "Jacobs, Simon"]
[Result "1-0"]
[WhiteElo "1886"]
[BlackElo "1749"]
[WhiteFideId "2411067"]
[BlackFideId "343440673"]
[EventDate "2025.12.28"]

1. d4 d5 2. Bf4 Nf6 3. Nf3 c5 4. e3 cxd4 5. exd4 Nc6 6. c3 Bf5 7. Nbd2 e6 8. Qb3
Bd6 9. Bg3 Qc7 10. Be2 O-O 11. O-O Bxg3 12. hxg3 h6 13. Rac1 Ne4 14. Nxe4 Bxe4
15. Nd2 Bh7 16. Qa4 Qd6 17. Rfe1 Rfc8 18. b4 b6 19. Ba6 Rc7 20. a3 Nb8 21. Bf1
Nd7 22. c4 dxc4 23. Nxc4 Qc6 24. Qxc6 Rxc6 25. b5 Rcc8 26. Nd6 Rxc1 27. Rxc1 e5
28. Rc7 Nf6 29. dxe5 Ne8 30. Nxe8 Rxe8 31. Rxa7 Rxe5 1-0

[Event "Hastings Masters 2025-26"]
[Site "Hastings ENG"]
[Date "2025.12.29"]
[Round "2.53"]
[White "Halas, Kim Aleksander"]
[Black "Freeman, Luke"]
[Result "0-1"]
[WhiteElo "1729"]
[BlackElo "1867"]
[WhiteFideId "1546074"]
[BlackFideId "343411959"]
[EventDate "2025.12.28"]

1. d4 Nf6 2. c4 g6 3. f3 d5 4. cxd5 Nxd5 5. e4 Nb6 6. Nc3 Bg7 7. Be3 O-O 8. Nge2
c6 9. Ng3 Be6 10. Qd2 Bc4 11. O-O-O Bxf1 12. Nxf1 Nc4 13. Qd3 Nxe3 14. Nxe3 Nd7
15. d5 Ne5 16. Qe2 Qc7 17. f4 Nd7 18. e5 Nb6 19. Kb1 f6 20. Nc4 Kh8 21. d6 exd6
22. exd6 Qf7 23. Nxb6 axb6 24. Qe7 Rad8 25. Rhe1 Rd7 26. Qxf7 Rfxf7 27. Re7 Kg8
28. Rxd7 Rxd7 29. Na4 Bf8 30. Nxb6 Rxd6 31. Rxd6 Bxd6 32. g3 Bc5 33. Nd7 Bd4 34.
g4 Kf7 35. g5 fxg5 36. fxg5 Ke7 37. Nb8 Ba7 38. Nxc6+ bxc6 39. Kc2 Be3 40. Kc3
Bxg5 41. b4 Kd7 42. Kd4 Bf4 43. h3 Bd2 44. Kc4 h5 45. a4 g5 46. Kc5 g4 47. a5
Be3+ 48. Kc4 gxh3 0-1

[Event "Hastings Masters 2025-26"]
[Site "Hastings ENG"]
[Date "2025.12.29"]
[Round "2.54"]
[White "Wheeler, James M"]
[Black "Siddhartha Shankar Srivastava"]
[Result "1-0"]
[WhiteElo "1846"]
[BlackElo "1589"]
[WhiteFideId "463396"]
[BlackFideId "25780590"]
[EventDate "2025.12.28"]

1. e4 c5 2. a3 Nc6 3. b4 cxb4 4. axb4 Nxb4 5. d4 e6 6. c3 Nc6 7. Bd3 d5 8. exd5
exd5 9. Ne2 Nf6 10. O-O Be7 11. h3 O-O 12. Bf4 h6 13. Na3 Bd6 14. Bxd6 Qxd6 15.
c4 Be6 16. c5 Qe7 17. Nb5 b6 18. cxb6 axb6 19. Nf4 Nb4 20. Rxa8 Rxa8 21. Nxe6
fxe6 22. Bb1 Qd7 23. Qe2 Ra5 24. Nc3 Ra3 25. Qb2 Rxc3 26. Qxc3 Nc6 27. Rc1 Ne7
28. Qg3 Nc6 29. Qc3 Ne7 30. Qb4 Qb7 31. Qd6 Qd7 32. Qxb6 Ne4 33. Rc7 Qd8 34.
Qxe6+ Kf8 35. Rd7 Qe8 36. Bxe4 dxe4 37. d5 Ng8 38. Qd6+ 1-0

[Event "Hastings Masters 2025-26"]
[Site "Hastings ENG"]
[Date "2025.12.29"]
[Round "3.1"]
[White "Kuru, Atilla"]
[Black "Laurent-Paoli, Pierre"]
[Result "1/2-1/2"]
[WhiteTitle "IM"]
[BlackTitle "GM"]
[WhiteElo "2449"]
[BlackElo "2539"]
[WhiteFideId "51607948"]
[BlackFideId "26017962"]
[EventDate "2025.12.28"]

1. e4 c5 2. Nf3 Nc6 3. Bb5 d6 4. O-O Bd7 5. Re1 a6 6. Bxc6 Bxc6 7. d4 cxd4 8.
Nxd4 Rc8 9. Nc3 e6 10. h3 Nf6 11. Nxc6 Rxc6 12. Nd5 Nd7 13. b3 Rc8 14. Ba3 Ne5
15. f4 Nc6 16. c4 exd5 17. exd5+ Ne7 18. c5 dxc5 19. Bb2 Qd6 20. Be5 Qd7 21. d6
f6 22. Bxf6 gxf6 23. Qh5+ Kd8 24. dxe7+ Bxe7 25. Rad1 Bd6 26. Rxd6 Qxd6 27. Rd1
Qxd1+ 28. Qxd1+ Kc7 29. Qd5 Kb6 30. Qd6+ Rc6 31. Qe7 h5 32. Qg7 Rd8 33. Qh6 Rd5
34. Kh2 a5 35. a4 Rd3 36. Qf8 Ka7 37. Qf7 Rc3 38. h4 Kb6 39. Qd5 Ka6 40. Qd8
Rxb3 41. Qa8+ Kb6 42. Qd8+ Ka6 43. Qa8+ Kb6 44. Qd8+ Ka7 45. Qxa5+ Kb8 46. Qd8+
Rc8 47. Qd6+ Rc7 48. Qd8+ 1/2-1/2

[Event "Hastings Masters 2025-26"]
[Site "Hastings ENG"]
[Date "2025.12.29"]
[Round "3.2"]
[White "Sulskis, Sarunas"]
[Black "Hagner, Bennet"]
[Result "0-1"]
[WhiteTitle "GM"]
[BlackTitle "IM"]
[WhiteElo "2475"]
[BlackElo "2451"]
[WhiteFideId "12800112"]
[BlackFideId "16224477"]
[EventDate "2025.12.28"]

1. e4 e5 2. Nc3 Nf6 3. Nf3 Nc6 4. Bb5 Bd6 5. d3 O-O 6. a3 a6 7. Bc4 Bc5 8. h3 d6
9. Bg5 Be6 10. Nd5 Bxd5 11. Bxd5 h6 12. Bh4 g5 13. Bxc6 bxc6 14. Bg3 Kh7 15. c3
a5 16. Qc2 Ba7 17. d4 Nh5 18. O-O-O exd4 19. Nxd4 Bxd4 20. cxd4 Qd7 21. Bh2 Kg8
22. g4 Ng7 23. h4 f6 24. f3 Rab8 25. Bg3 Qe6 26. Be1 a4 27. Qxa4 Qa2 28. Bc3 Rb3
29. Qxc6 Rfb8 30. hxg5 Ne6 31. Qc4 d5 32. exd5 Nf4 33. d6+ Kg7 34. gxf6+ Kg6 35.
dxc7 Ne2+ 36. Qxe2 Rxc3+ 0-1

[Event "Hastings Masters 2025-26"]
[Site "Hastings ENG"]
[Date "2025.12.29"]
[Round "3.4"]
[White "Kaasen, Tor Fredrik"]
[Black "Kovchan, Alexander"]
[Result "1-0"]
[WhiteTitle "IM"]
[BlackTitle "GM"]
[WhiteElo "2471"]
[BlackElo "2447"]
[WhiteFideId "1516647"]
[BlackFideId "14103052"]
[EventDate "2025.12.28"]

1. d4 d6 2. Nf3 g6 3. e4 Nf6 4. Bd3 Bg7 5. O-O O-O 6. c3 Nbd7 7. Re1 e5 8. Bg5
h6 9. Bh4 b6 10. Nbd2 Bb7 11. a4 a6 12. dxe5 dxe5 13. Qc2 Qe7 14. b4 Rfd8 15.
Nc4 Qe6 16. Rad1 Rab8 17. Ne3 c6 18. Bc4 Qe7 19. Bb3 b5 20. h3 Nf8 21. Ng4 Rxd1
22. Rxd1 g5 23. Ngxe5 Ne6 24. Bg3 Rf8 25. Ng4 bxa4 26. Bxa4 Rd8 27. Rxd8+ Qxd8
28. Bb3 Nxg4 29. hxg4 Nf4 30. Bxf4 gxf4 31. e5 Qd7 32. e6 fxe6 33. Nd4 Bxd4 34.
Qg6+ Kf8 35. cxd4 Qxd4 36. Qxe6 Qa1+ 37. Kh2 Qg7 38. Qd6+ Qe7 39. Qxh6+ Ke8 40.
Qxf4 Qh7+ 41. Kg3 Qd3+ 42. Qe3+ Qxe3+ 43. fxe3 Ke7 44. g5 c5 45. bxc5 Bc6 46.
Kf4 a5 47. Ke5 a4 48. Ba2 Be8 49. c6 a3 50. c7 Kd7 51. Ke4 1-0

[Event "Hastings Masters 2025-26"]
[Site "Hastings ENG"]
[Date "2025.12.29"]
[Round "3.5"]
[White "Plat, Vojtech"]
[Black "Ghimpu, Samuel-Timotei"]
[Result "1/2-1/2"]
[WhiteTitle "GM"]
[BlackTitle "IM"]
[WhiteElo "2461"]
[BlackElo "2428"]
[WhiteFideId "325740"]
[BlackFideId "1238175"]
[EventDate "2025.12.28"]

1. e4 c5 2. Nf3 Nc6 3. c3 Nf6 4. e5 Nd5 5. Bc4 Nb6 6. Bb3 d5 7. exd6 Qxd6 8. O-O
Be6 9. Bxe6 Qxe6 10. Re1 Qd7 11. a4 1/2-1/2

[Event "Hastings Masters 2025-26"]
[Site "Hastings ENG"]
[Date "2025.12.29"]
[Round "3.6"]
[White "Verbytski, Oleg"]
[Black "Southcott-Moyers, Indy"]
[Result "0-1"]
[BlackTitle "FM"]
[WhiteElo "2039"]
[BlackElo "2266"]
[WhiteFideId "495506"]
[BlackFideId "488542"]
[EventDate "2025.12.28"]

1. e4 e5 2. Nf3 Nc6 3. Bc4 Bc5 4. c3 Nf6 5. d3 d6 6. O-O a5 7. Nbd2 O-O 8. h3
Ba7 9. Re1 Be6 10. Bb5 Ne7 11. Ba4 Ng6 12. Nf1 c6 13. d4 exd4 14. cxd4 d5 15. e5
Ne4 16. Bc2 f5 17. Bxe4 dxe4 18. Ng5 Qe8 19. f4 Bd5 20. h4 h6 21. Nh3 Nxh4 22.
Be3 Qg6 23. Re2 Rfd8 24. Kh1 Qf7 25. b3 Ng6 26. Rd2 Be6 27. Bf2 Rd7 28. Qe2 Ne7
29. Rc1 Nd5 30. Ne3 Nb4 31. Nc4 Nd3 32. Rcc2 Bxc4 33. Rxc4 Rad8 34. Bh4 Re8 35.
Nf2 Nxf4 36. Qe1 Qh5 37. Nh3 Nd3 38. Qg3 Nxe5 39. Nf4 Qg4 0-1

[Event "Hastings Masters 2025-26"]
[Site "Hastings ENG"]
[Date "2025.12.29"]
[Round "3.7"]
[White "Vaddhireddy, Sai"]
[Black "Finn, Peter"]
[Result "1/2-1/2"]
[BlackTitle "CM"]
[WhiteElo "1960"]
[BlackElo "2200"]
[WhiteFideId "499560"]
[BlackFideId "432156"]
[EventDate "2025.12.28"]

1. Nf3 d5 2. d4 Nf6 3. c4 c6 4. Nc3 e6 5. Qd3 dxc4 6. Qxc4 b5 7. Qd3 b4 8. Ne4
Ba6 9. Qc2 Nxe4 10. Qxe4 Be7 11. g3 O-O 12. Bg2 Qd5 13. Qc2 Qb5 14. O-O Qxe2 15.
Qxe2 Bxe2 16. Re1 Bc4 17. Be3 Nd7 18. b3 Bd5 19. Rac1 a5 20. Ne5 Nxe5 21. dxe5
a4 22. Bxd5 cxd5 23. Rc7 Rfe8 24. Rec1 axb3 25. axb3 Bf8 26. Rb7 Reb8 27. Rbc7
h6 28. Ba7 Rd8 29. Bd4 g6 30. f4 Ra3 31. Rb7 Rxb3 32. Rcc7 Rd3 33. Bb6 Ra8 34.
Kg2 b3 35. Rxf7 b2 36. Bc5 b1=Q 37. Rxf8+ Rxf8 38. Rxb1 Rc8 39. Be7 Rd2+ 40. Kh3
Rdc2 41. Bf6 R2c7 42. Rb6 Kf7 43. Rd6 Rb7 44. Kg4 Ra7 45. Kh3 g5 46. fxg5 hxg5
47. Bxg5 Rh8+ 48. Kg4 Rxh2 49. Rd8 Ra4+ 50. Bf4 Ke7 51. Rb8 d4 52. Rb7+ Ke8 53.
Rb6 Kd7 54. Rd6+ Ke7 55. Bg5+ Kf7 56. Rd7+ Kg6 57. Bf4 Rh7 58. Rd6 Re7 59. Rd8
Rg7 60. Rd6 Kf7+ 61. Kf3 Rh7 62. Ke4 Rh1 63. Rxd4 Re1+ 64. Be3 Ra5 65. Rd7+ Kg6
66. Rd6 Ra4+ 67. Rd4 Ra5 68. Rd6 Kh5 69. Rd8 Ra4+ 70. Rd4 Ra2 71. Rd3 Kg4 72.
Kd4 Ra5 73. Bf4 Rb1 74. Rd2 Rd5+ 75. Ke3 Re1+ 76. Kf2 Re4 77. Ra2 Rd3 78. Rb2
Ra3 79. Rc2 Rf3+ 80. Kg2 Rb3 81. Kf2 Ra4 82. Re2 Ra1 83. Rc2 Rbb1 84. Rd2 Rf1+
85. Ke3 Rf3+ 86. Kd4 Ra5 87. Kc4 Rxf4+ 88. gxf4 Kxf4 89. Kd4 Rd5+ 90. Kc3 Rxe5
91. Rd8 Ke3 92. Rd3+ Ke4 93. Rd4+ Kf3 94. Rd8 Ra5 95. Kd3 Kf4 96. Rf8+ Rf5 97.
Ra8 Kf3 98. Kd2 e5 99. Ke1 Rh5 100. Ra3+ Kf4 101. Rb3 e4 102. Ke2 Rh2+ 103. Ke1
Ra2 104. Rc3 Ke5 105. Rb3 Kd4 106. Rh3 Ra8 107. Ke2 Rg8 108. Ra3 Rg2+ 109. Ke1
Rc2 110. Rh3 Rc3 111. Rxc3 Kxc3 112. Ke2 Kd4 113. Kd2 e3+ 114. Ke2 Ke4 115. Ke1
Kd3 116. Kd1 e2+ 117. Ke1 Ke3 1/2-1/2

[Event "Hastings Masters 2025-26"]
[Site "Hastings ENG"]
[Date "2025.12.29"]
[Round "3.8"]
[White "Fryer, David W"]
[Black "Vaidyanathan, Adithya"]
[Result "0-1"]
[WhiteElo "1902"]
[BlackElo "2189"]
[WhiteFideId "406384"]
[BlackFideId "495450"]
[EventDate "2025.12.28"]

1. b3 c5 2. Bb2 Nc6 3. e3 e5 4. c4 g6 5. d3 Bg7 6. Nf3 Nge7 7. Nc3 O-O 8. g4 d5
9. cxd5 Nxd5 10. Nxd5 Qxd5 11. e4 Qd6 12. Nd2 b5 13. a3 Be6 14. h4 Nd4 15. g5 f6
16. Bxd4 Qxd4 17. Rc1 fxg5 18. Nf3 Qb2 19. Nd2 gxh4 20. Bh3 Bxh3 21. Rxh3 Rf4
22. Rc2 Qxa3 23. Ke2 Raf8 24. f3 g5 25. Qg1 h6 26. Rxc5 a6 27. Rc7 Qd6 28. Qa7
R4f7 29. Rxf7 Rxf7 30. Qa8+ Rf8 31. Qa7 Rd8 32. Qe3 a5 33. Rh1 Qd4 34. Rc1 Qxe3+
35. Kxe3 a4 36. bxa4 bxa4 37. Ra1 Ra8 38. Nc4 Ra6 39. Ra2 Kf7 40. Nb2 a3 41. Nc4
Ke6 42. Rxa3 Rxa3 43. Nxa3 Bf8 44. Nb1 Bc5+ 45. Ke2 Bb4 46. Ke3 Kd6 47. Ke2 Kc6
48. Kf2 Kb5 49. Ke2 Kc5 50. Ke3 h5 0-1

[Event "Hastings Masters 2025-26"]
[Site "Hastings ENG"]
[Date "2025.12.29"]
[Round "3.9"]
[White "Zhang, Junyi"]
[Black "Hu, Junyan"]
[Result "1/2-1/2"]
[WhiteTitle "CM"]
[WhiteElo "2172"]
[BlackElo "1862"]
[WhiteFideId "494437"]
[BlackFideId "343401260"]
[EventDate "2025.12.28"]

1. e4 c5 2. Ne2 e6 3. d4 cxd4 4. Nxd4 Nf6 5. Nc3 Nc6 6. Ndb5 Bc5 7. Bf4 O-O 8.
Bd6 Qb6 9. Bxc5 Qxc5 10. Qd6 Qb6 11. Qc7 Qc5 12. Qd6 Qb6 13. Qc7 Qc5 14. Qd6 1/2-1/2